000 00822cab a2200253 4500
001 WB3325-30
008 090401t1997 xxu||||| |||| 00| 0 eng d
035 _a(Sirsi) u79181
041 _aeng
245 _aOnline estate agency
260 _c1997
350 _a0
490 _aIndependent on Sunday
_v22 June 1997, 2.10(1)
520 _aMore estate agents are turning to the Internet to market properties. Some web sites give potential buyers a `virtual` tour of a house and even allows them to adjust the decor to suit their taste.
650 _aESTATE AGENCY
650 _aESTATE AGENTS
650 _aHOUSE BUYERS
650 _aINTERNET
650 _aONLINE SERVICES
650 _aWORLD WIDE WEB
690 _aMANAGEMENT-BUSINESS MANAGEMENT-INFORMATION MANAGEMENT
942 _n0
948 _c24/06/1997
999 _c49776
_d49776